Formel 1 Podium 1996 - Statistiken

Allgemein
  • Dieses Quiz wurde 175 mal gespielt
  • Das Durchschnittsergebnis liegt bei 8 aus 10
Antwortstatistiken
Antwort % Korrekt
Michael Schumacher
100%
Damon Hill
93%
Jacques Villeneuve
87%
Mika Häkkinen
84%
David Coulthard
79%
Gerhard Berger
73%
Eddie Irvine
71%
Jean Alesi
66%
Olivier Panis
63%
Johnny Herbert
57%
Keine übereinstimmenden Quizze gefunden
Verteilung der Resultate
Anzahl Personen mit jedem Resultat
Perzentil nach korrekt beantworteten Fragen
Ihre Resultats-Entwicklung
Sie haben dieses Quiz noch nicht gespielt